000 00744nam a2200205 a 4500
001 20207
003 CO-ViMGA
008 141112s2004 ck r 000 u spa d
020 _a9589728928
040 _aCO-ViMGA
_bspa
_cCO-ViMGA
082 0 4 _a633.2 L358p
100 1 _aLemus Alarcon, Lázaro Hugo; Lemus Osorio, Vladimir Eduardo
_929217
245 1 0 _aPlantas de uso forrajero en el trópico calido y templado de Colombia
260 _aVillavicencio :
_bUnillanos,
_c2004
300 _a360 p.
590 _aForma de adquisición : Donacion Banco de la Republica - - Precio :
_30.000 - - Fecha de adquisición : 2005
650 1 4 _aALIMENTOS PARA ANIMALES - PASTOS
_929218
650 1 4 _aPLANTAS FORRAJERAS TROPICALES
_929219
942 _2ddc
_cBK
999 _c29254
_d29254